| 000 | 01609nam0a22002891 4500 | ||
|---|---|---|---|
| 001 | rc\1028505 | ||
| 005 | 20041129102857.0 | ||
| 035 | _a(NLR Aleph) 006192463 | ||
| 090 |
_a6180798 _c6180798 |
||
| 100 | _a20041129d1981 u |0rusy50 ca | ||
| 101 | 0 | _arus | |
| 102 | _aRU | ||
| 105 | _aa ||||||||| | ||
| 200 | 1 |
_aСовременное состояние и тенденции развития средств измерения температуры различных поверхностей _f[П.Г. Столярчук, В.В. Стефанив, В.В. Тиблевич] |
|
| 210 |
_aМ. _cЦНИИТЭИ приборостроения _d1981 |
||
| 215 |
_a34 с. _cил. _d21 |
||
| 225 | 1 |
_aПриборы, средства автоматизации и системы управления _hТС-6 _iПриборы и устройства для контроля и регулирования технологических процессов _eОбзор. информ. _fЦНИИ информ. и техн.-экон. исслед. приборостроения, средств автоматизации и систем упр. _vВып. 5 |
|
| 300 | _aВ надзаг. также: М-во приборостроения, средств автоматизации и систем упр. | ||
| 320 | _aБиблиогр.: с. 33 | ||
| 700 | 1 |
_aСтолярчук _bП. Г. _gПетр Гаврилович |
|
| 701 | 1 |
_aСтефанив _bВ. В. |
|
| 701 | 1 |
_aТиблевич _bВ. В. |
|
| 801 | 0 |
_aRU _bNLR _gpsbo |
|
| 801 | 1 |
_aRU _bELAR _2rusmarc |
|
| 852 |
_aNLR _jП10/4328 |
||
| 942 | _cBOOK | ||
| 980 | _aNB | ||